LEADER 00884nam0 2200301 450 001 9910648195603321 005 20230309154320.0 010 $a9781009096409 100 $a20230309d2022----km y0itay50 ba 101 0 $aeng 102 $aGB 105 $a 001yy 200 1 $aPolitical science and the problem of social order$fHenrik Enroth 210 $aCambridge ; New York$cCambridge University$d2022 215 $aXI, 198 p.$d23 cm 454 0$12001 610 0 $aPolitica$aSociologia 610 0 $aScienze politiche$aStoria$aSec. 21-22 676 $a306.2$v22$zita 676 $a320.09$v22$zita 700 1$aEnroth,$bHenrik$01302794 801 0$aIT$bUNINA$gREICAT$2UNIMARC 901 $aBK 912 $a9910648195603321 952 $a320.09 ENR 1$b9764$fBFS 959 $aBFS 996 $aPolitical science and the problem of social order$93026598 997 $aUNINA LEADER 01831nas 2200613- 450 001 9910131446103321 005 20241204164002.0 011 $a2055-7647 035 $a(OCoLC)947078268 035 $a(CKB)3710000000419794 035 $a(CONSER)--2016243198 035 $a(DE-599)ZDB2817580-3 035 $a(MiAaPQ)2040971 035 $a(EXLCZ)993710000000419794 100 $a20160109a20159999 --- - 101 0 $aeng 135 $aur||||||||||| 181 $ctxt$2rdacontent 182 $cc$2rdamedia 183 $acr$2rdacarrier 200 00$aBMJ open sport & exercise medicine 210 1$aLondon :$cBMJ Publishing Group,$d[2015]- 215 $a1 online resource 300 $aRefereed/Peer-reviewed 517 1 $aBMJ open sport and exercise medicine 517 1 $aBOSEM 517 1 $aSport & exercise medicine 531 $aBMJ OPEN SPORT EXERC MED 531 10$aBMJ open sport exerc med 606 $aSports medicine$vPeriodicals 606 $aExercise therapy$vPeriodicals 606 $aExercise therapy$2fast$3(OCoLC)fst00918063 606 $aSports medicine$2fast$3(OCoLC)fst01130709 606 $aAthletic Performance 606 $aAthletic Injuries 606 $aExercise 606 $aReturn to Sport 608 $aFulltext. 608 $aInternet Resources. 608 $aPeriodicals.$2fast 608 $aPeriodical. 615 0$aSports medicine 615 0$aExercise therapy 615 7$aExercise therapy. 615 7$aSports medicine. 615 12$aAthletic Performance. 615 22$aAthletic Injuries. 615 22$aExercise. 615 22$aReturn to Sport. 712 02$aBritish Association of Sport and Exercise Medicine, 906 $aJOURNAL 912 $a9910131446103321 996 $aBMJ open sport & exercise medicine$92423688 997 $aUNINA